Countries that border China - Statistics

General Stats
  • This quiz has been taken 26 times
  • The average score is 12 of 14
Answer Stats
Kilometres Miles Country % Correct
423 262 Laos
100%
4,677 2,906 Mongolia
100%
1,416 879 North Korea
100%
1,283 795 Vietnam
100%
3,488 2,167 India
95%
3,645 2,264 Russia
95%
2,185 1,357 Myanmar
89%
596 370 Pakistan
89%
414 257 Tajikistan
89%
1,533 952 Kazakhstan
84%
858 533 Kyrgyzstan
84%
1,440 895 Nepal
79%
76 47 Afghanistan
74%
470 292 Bhutan
63%
No matching quizzes found
Score Distribution
Percent of People with Each Score
Percentile by Number Answered
Your Score History
You have not taken this quiz